[Event "Landesliga West MV 2013/14"]
[Site "?"]
[Date "2013.11.10"]
[Round "2.8"]
[White "Wendt, Uwe"]
[Black "Altenburg, Reiner"]
[Result "1/2-1/2"]
[WhiteElo "1660"]
[BlackElo "1698"]
[PlyCount "46"]
[EventType "team-tourn"]
[EventRounds "9"]
[WhiteTeam "SV Malchower Schachinsel"]
[BlackTeam "Post SV Ludwigslust"]

1. c4 c5 2. Nc3 Nc6 3. Nf3 Nf6 4. g3 g6 5. Bg2 Bg7 6. O-O O-O 7. d4 cxd4 8.
Nxd4 Nxd4 9. Qxd4 d6 10. Rb1 Ng4 11. Qd2 Qc7 12. b3 Be6 13. Nb5 Qc8 14. Bb2 Nf6
15. Nd4 Bh3 16. e3 Bxg2 17. Kxg2 Rd8 18. Qe2 Qc5 19. Nf3 Rac8 20. Bd4 Qc7 21.
Bxf6 Bxf6 22. e4 Qc5 23. Rfd1 Qa5 1/2-1/2

[Event "Landesliga West MV 2013/14"]
[Site "?"]
[Date "2013.11.17"]
[Round "2.1"]
[White "Stadler, Bertino"]
[Black "Mueller, Michael"]
[Result "0-1"]
[WhiteElo "1654"]
[BlackElo "1813"]
[PlyCount "80"]
[EventType "team-tourn"]
[EventRounds "9"]
[WhiteTeam "SV Empor Kuehlungsborn"]
[BlackTeam "SSC Rostock 07 III"]

1. e4 e6 2. d4 d5 3. exd5 exd5 4. Bd3 Nc6 5. c3 Nf6 6. Qc2 Qe7+ 7. Ne2 Ne4 8.
f3 Nd6 9. b3 Bd7 10. O-O O-O-O 11. Ng3 g6 12. Qf2 Re8 13. Bd2 Bg7 14. Re1 Qh4
15. Rxe8+ Rxe8 16. Ne2 Qe7 17. Ng3 h5 18. a4 h4 19. Nf1 Bf5 20. Bxf5+ Nxf5 21.
Na3 Nfxd4 22. Re1 Ne2+ 23. Kh1 Qxa3 24. Rxe2 Rxe2 25. Qxe2 Kd7 26. Qb5 d4 27.
Qd5+ Ke8 28. cxd4 Bxd4 29. Bg5 Qa1 30. Qe4+ Kf8 31. Qe2 Bf6 32. Be3 Qb1 33.
Bc5+ Kg7 34. g3 hxg3 35. hxg3 Qxb3 36. Be3 Nd4 37. Qh2 Nxf3 38. Qh6+ Kg8 39.
Qf4 Qd5 40. Nh2 Ne1+ 0-1

[Event "Landesliga West MV 2013/14"]
[Site "?"]
[Date "2013.11.17"]
[Round "2.2"]
[White "Menkhaus, Wolf-Dieter"]
[Black "Kornblum, Harry"]
[Result "1/2-1/2"]
[WhiteElo "1821"]
[BlackElo "1868"]
[PlyCount "55"]
[EventType "team-tourn"]
[EventRounds "9"]
[WhiteTeam "SSC Rostock 07 III"]
[BlackTeam "SV Empor Kuehlungsborn"]

1. d4 Nf6 2. c4 g6 3. Nc3 Bg7 4. e4 d6 5. Bg5 c6 6. Qd2 Qc7 7. f4 O-O 8. Be2 a6
9. a4 Nbd7 10. e5 dxe5 11. fxe5 Nxe5 12. dxe5 Qxe5 13. Nf3 Qa5 14. Rd1 Bf5 15.
O-O Rad8 16. Qc1 Ng4 17. Be3 e5 18. Nh4 Be6 19. h3 Nxe3 20. Qxe3 f5 21. Nf3 h6
22. Kh1 Kh7 23. Nd2 e4 24. Nb3 Qb4 25. Rxd8 Rxd8 26. Rd1 Rxd1+ 27. Bxd1 Bxc4
28. Qc5 1/2-1/2

[Event "Landesliga West MV 2013/14"]
[Site "?"]
[Date "2013.11.17"]
[Round "2.3"]
[White "Gipp, Thomas"]
[Black "Moritz, Hartmut"]
[Result "1-0"]
[WhiteElo "1902"]
[BlackElo "1816"]
[PlyCount "91"]
[EventType "team-tourn"]
[EventRounds "9"]
[WhiteTeam "SV Empor Kuehlungsborn"]
[BlackTeam "SSC Rostock 07 III"]

1. d4 Nf6 2. c4 e5 3. dxe5 Ng4 4. Nf3 Nc6 5. a3 Ngxe5 6. e4 d6 7. Be2 Be7 8.
O-O O-O 9. Nc3 Be6 10. Nd5 f5 11. Nxe5 dxe5 12. exf5 Bxf5 13. Be3 Bg5 14. Qd2
Bxe3 15. Qxe3 Qd6 16. Rad1 Nd4 17. Bd3 c6 18. Nc3 Qg6 19. Bxf5 Rxf5 20. Ne2 c5
21. Ng3 Rg5 22. h4 Rg4 23. Qxe5 Re8 24. Qxc5 Nf3+ 25. gxf3 Rxg3+ 26. Kh2 Rxf3
27. Qd5+ Qf7 28. Qxf7+ Kxf7 29. Rd4 Rb3 30. Rd7+ Re7 31. Rxe7+ Kxe7 32. Re1+
Kd6 33. Re2 h6 34. Kg2 g5 35. hxg5 hxg5 36. f3 Kc5 37. Kg3 Kxc4 38. Kg4 Rb5 39.
Re4+ Kb3 40. Rb4+ Rxb4+ 41. axb4 Kxb4 42. Kxg5 Kc5 43. f4 Kd6 44. Kf6 a5 45. f5
b5 46. Kg7 1-0

[Event "Landesliga West MV 2013/14"]
[Site "?"]
[Date "2013.11.20"]
[Round "2.4"]
[White "Herde, Dittmar"]
[Black "Busz, Stephan"]
[Result "1/2-1/2"]
[WhiteElo "1807"]
[BlackElo "1891"]
[PlyCount "66"]
[EventType "team-tourn"]
[EventRounds "9"]
[WhiteTeam "SSC Rostock 07 III"]
[BlackTeam "SV Empor Kuehlungsborn"]

1. d4 f5 2. c4 Nf6 3. Nf3 d6 4. Nc3 Nbd7 5. Qc2 g6 6. b3 Bg7 7. Bb2 O-O 8. Rd1
Re8 9. e3 Nf8 10. Be2 e6 11. O-O h6 12. e4 Bd7 13. e5 N6h7 14. c5 d5 15. b4 g5
16. Kh1 g4 17. Ng1 Qh4 18. Qd2 Ng6 19. g3 Qe7 20. f4 h5 21. Bb5 c6 22. Bd3 h4
23. Rf2 Kf7 24. Kg2 Rh8 25. Kf1 Rag8 26. Qc2 Nhf8 27. Rdd2 Bh6 28. Nd1 Ke8 29.
a4 a6 30. Bc1 Qg7 31. Rde2 hxg3 32. hxg3 Rh7 33. Qb2 Ne7 1/2-1/2

[Event "Landesliga West MV 2013/14"]
[Site "?"]
[Date "2013.11.17"]
[Round "2.6"]
[White "Maertin, Heinz"]
[Black "Prueter, Reinhard"]
[Result "1-0"]
[WhiteElo "1768"]
[BlackElo "1634"]
[PlyCount "57"]
[EventType "team-tourn"]
[EventRounds "9"]
[WhiteTeam "SSC Rostock 07 III"]
[BlackTeam "SV Empor Kuehlungsborn"]

1. e4 d6 2. d4 g6 3. Nc3 Bg7 4. Be3 Nf6 5. f3 c6 6. Qd2 Qa5 7. g4 b5 8. Nge2
Nbd7 9. g5 Nh5 10. Bg2 Nb6 11. b3 Bb7 12. O-O O-O 13. f4 Rac8 14. f5 c5 15. Nd5
Qxd2 16. Nxe7+ Kh8 17. Bxd2 Bxd4+ 18. Nxd4 cxd4 19. Nxc8 Rxc8 20. Rac1 Bc6 21.
fxg6 fxg6 22. Rf7 Nd7 23. Bb4 Kg8 24. Rcf1 Nc5 25. Bxc5 dxc5 26. Rxa7 Be8 27.
e5 Ng7 28. Bd5+ Kh8 29. Rf8# 1-0

[Event "Landesliga West MV 2013/14"]
[Site "?"]
[Date "2013.11.17"]
[Round "2.7"]
[White "Miedeck, Franz"]
[Black "Hasenberg, Harald"]
[Result "1-0"]
[WhiteElo "1592"]
[BlackElo "1654"]
[PlyCount "103"]
[EventType "team-tourn"]
[EventRounds "9"]
[WhiteTeam "SV Empor Kuehlungsborn"]
[BlackTeam "SSC Rostock 07 III"]

1. e4 g6 2. d4 Bg7 3. Nf3 d6 4. Bd3 Nd7 5. c3 Ngf6 6. h3 c5 7. O-O O-O 8. Na3
a6 9. Re1 b5 10. Nc2 c4 11. Bf1 Bb7 12. e5 Nd5 13. exd6 exd6 14. a4 h6 15. Bd2
N7b6 16. axb5 axb5 17. Rxa8 Bxa8 18. Na3 Bc6 19. Qc1 Kh7 20. Nh2 Nf6 21. Nc2
Nbd5 22. Ne3 Nxe3 23. Bxe3 Re8 24. Qd1 Qc8 25. Bf4 Rxe1 26. Qxe1 Qd7 27. Be2
Qe6 28. Qd1 Qf5 29. Bf3 Qxf4 30. Bxc6 Ne4 31. Qe2 Qc1+ 32. Nf1 Nxc3 33. bxc3
Qxc3 34. Bxb5 Bxd4 35. Qxc4 Kg7 36. Qxc3 Bxc3 37. Ne3 f5 38. Kf1 Be5 39. Ke2
Kf6 40. Bc4 g5 41. Nd5+ Kg7 42. Ke3 Bb2 43. Bd3 Bc1+ 44. Kf3 f4 45. Kg4 Bd2 46.
f3 Be1 47. Kf5 Bf2 48. Ke6 Bc5 49. Ne7 h5 50. Nf5+ Kg6 51. Nxd6+ Kh6 52. Nf7+
1-0

[Event "Landesliga West MV 2013/14"]
[Site "?"]
[Date "2013.11.20"]
[Round "2.8"]
[White "Worm, Alfred"]
[Black "Noelck, Ulrich"]
[Result "1-0"]
[WhiteElo "1599"]
[BlackElo "1597"]
[PlyCount "85"]
[EventType "team-tourn"]
[EventRounds "9"]
[WhiteTeam "SSC Rostock 07 III"]
[BlackTeam "SV Empor Kuehlungsborn"]

1. e4 e6 2. d4 d5 3. Nc3 dxe4 4. Nxe4 Nf6 5. Nxf6+ Qxf6 6. Nf3 h6 7. Bc4 Bd6 8.
O-O Bf4 9. Re1 Bxc1 10. Rxc1 O-O 11. Qe2 Nc6 12. c3 Ne7 13. Bb3 Bd7 14. Ne5 Bc6
15. Bc2 Qg5 16. Nxc6 Nxc6 17. Qe4 g6 18. h4 Qf6 19. h5 Kg7 20. hxg6 fxg6 21.
Re2 Rae8 22. Rce1 Re7 23. f3 Qg5 24. Qd3 Nd8 25. Re4 Ref7 26. Rg4 Qf5 27. Qe2
Qd5 28. Rxg6+ Kh8 29. Rxh6+ Kg8 30. Rg6+ Rg7 31. Rxg7+ Kxg7 32. Qe5+ Qxe5 33.
Rxe5 Rh8 34. Bb3 Kf6 35. Kf2 Re8 36. Rh5 Re7 37. Ke3 Nf7 38. f4 Kg6 39. g4 Nd6
40. Re5 Kf6 41. g5+ Kf7 42. f5 Kg7 43. f6+ 1-0

[Event "Landesliga West MV 2013/14"]
[Site "?"]
[Date "2013.11.10"]
[Round "2.1"]
[White "Mueller, Axel"]
[Black "Schreiber, Kevin"]
[Result "1/2-1/2"]
[WhiteElo "1936"]
[BlackElo "1991"]
[PlyCount "40"]
[EventType "team-tourn"]
[EventRounds "9"]
[WhiteTeam "Putlitzer SV 1921"]
[BlackTeam "SC Mecklenburger Springer"]

1. e4 c5 2. Nc3 e6 3. f4 a6 4. Nf3 Nc6 5. Be2 d6 6. O-O Qc7 7. d3 g6 8. Qe1 Bg7
9. Bd2 Nge7 10. Kh1 Bd7 11. Rb1 O-O-O 12. a3 Nd4 13. Bd1 Nxf3 14. Bxf3 Nc6 15.
Ne2 Nd4 16. Nxd4 cxd4 17. c4 e5 18. b4 b6 19. Qd1 h5 20. Qb3 Bg4 1/2-1/2

[Event "Landesliga West MV 2013/14"]
[Site "?"]
[Date "2013.11.10"]
[Round "2.2"]
[White "Schreiber, Felix"]
[Black "Prenzlow, Michael"]
[Result "1/2-1/2"]
[WhiteElo "1819"]
[BlackElo "1788"]
[PlyCount "62"]
[EventType "team-tourn"]
[EventRounds "9"]
[WhiteTeam "SC Mecklenburger Springer"]
[BlackTeam "Putlitzer SV 1921"]

1. d4 d5 2. Nf3 e6 3. e3 Nf6 4. Bd3 Be7 5. Nbd2 Nbd7 6. O-O O-O 7. Ne5 c5 8. b3
Qc7 9. Bb2 b6 10. f4 Bb7 11. Qf3 c4 12. Nxd7 Qxd7 13. Be2 Rac8 14. c3 b5 15. b4
Ra8 16. g4 a5 17. a3 axb4 18. axb4 Rxa1 19. Rxa1 Ra8 20. Qf1 Qd8 21. Kg2 Rxa1
22. Qxa1 Qa8 23. Qxa8+ Bxa8 24. g5 Ne8 25. Kg3 Nd6 26. Bg4 Bc6 27. h4 g6 28. h5
Nf5+ 29. Bxf5 exf5 30. hxg6 fxg6 31. Nf3 Bd6 1/2-1/2

[Event "Landesliga West MV 2013/14"]
[Site "?"]
[Date "2013.11.10"]
[Round "2.4"]
[White "Konrad, Andreas"]
[Black "Vieten, Florian"]
[Result "1/2-1/2"]
[WhiteElo "1757"]
[BlackElo "1687"]
[PlyCount "86"]
[EventType "team-tourn"]
[EventRounds "9"]
[WhiteTeam "SC Mecklenburger Springer"]
[BlackTeam "Putlitzer SV 1921"]

1. e4 d5 2. exd5 Nf6 3. Bb5+ Bd7 4. Bc4 Bg4 5. f3 Bf5 6. Nc3 Nbd7 7. Nge2 Nb6
8. Bb3 Nbxd5 9. Nxd5 Nxd5 10. d4 e6 11. O-O c5 12. Ba4+ Ke7 13. Kh1 Nb6 14. c3
Nxa4 15. Qxa4 Qd7 16. Qd1 Rd8 17. Re1 f6 18. Be3 Qc6 19. Qb3 c4 20. Qa3+ Kf7
21. b4 Bd6 22. Bf4 e5 23. dxe5 fxe5 24. Bg5 Rd7 25. Qxa7 b6 26. Qa3 h6 27. Be3
e4 28. Nd4 Qd5 29. Nxf5 Qxf5 30. fxe4 Qh5 31. Bg1 Bg3 32. Rf1+ Kg6 33. Qa6 Rd2
34. Qxb6+ Kh7 35. Qe3 Rd3 36. Qc5 Qxc5 37. Bxc5 Be5 38. Rac1 Rhd8 39. b5 Rd2
40. a4 Ra2 41. b6 Rdd2 42. Rg1 Rxa4 43. Be3 Rd3 1/2-1/2

[Event "Landesliga West MV 2013/14"]
[Site "?"]
[Date "2013.11.11"]
[Round "2.5"]
[White "Oelke, Bernd"]
[Black "Schreiber, Oliver"]
[Result "1-0"]
[WhiteElo "1764"]
[BlackElo "1710"]
[PlyCount "57"]
[EventType "team-tourn"]
[EventRounds "9"]
[WhiteTeam "Putlitzer SV 1921"]
[BlackTeam "SC Mecklenburger Springer"]

1. d4 d5 2. Bf4 e6 3. Nf3 Nf6 4. e3 Be7 5. Bd3 Nbd7 6. Nbd2 O-O 7. Ne5 Re8 8.
O-O Nf8 9. Qe2 Ng6 10. Bg3 Nd7 11. f4 f5 12. Ndf3 Nf6 13. Nxg6 hxg6 14. Bh4 a6
15. Ne5 Kh7 16. Rf3 Ng8 17. Bxe7 Nxe7 18. Rg3 Rf8 19. Rh3+ Kg8 20. Qf2 Rf6 21.
Qh4 Kf8 22. Qh8+ Ng8 23. Rh7 Qe7 24. Rf1 Bd7 25. g4 fxg4 26. Nxg4 Be8 27. Nh6
gxh6 28. Rxe7 Kxe7 29. Qxg8 1-0

[Event "Landesliga West MV 2013/14"]
[Site "?"]
[Date "2013.11.11"]
[Round "2.6"]
[White "Schreiber, Nico"]
[Black "Philipp, Daniel"]
[Result "1/2-1/2"]
[WhiteElo "1729"]
[BlackElo "1575"]
[PlyCount "71"]
[EventType "team-tourn"]
[EventRounds "9"]
[WhiteTeam "SC Mecklenburger Springer"]
[BlackTeam "Putlitzer SV 1921"]

1. d4 e6 2. Nf3 d5 3. c4 c5 4. cxd5 exd5 5. dxc5 Bxc5 6. e3 Nf6 7. Be2 O-O 8.
O-O Nc6 9. Qc2 Qb6 10. a3 Bg4 11. Nc3 Be7 12. Na4 Qc7 13. b4 Rac8 14. Bb2 Bxf3
15. Bxf3 Ne5 16. Qxc7 Nxf3+ 17. gxf3 Rxc7 18. Rac1 Rfc8 19. Rxc7 Rxc7 20. Rc1
Rxc1+ 21. Bxc1 Nd7 22. Bb2 Bf6 23. Bxf6 Nxf6 24. Kf1 Kf8 25. Ke2 b6 26. Kd3 Ke7
27. Kd4 Ke6 28. Nc3 a6 29. a4 h6 30. h3 Kd6 31. Ne2 Ne8 32. e4 dxe4 33. fxe4
Nc7 34. e5+ Ke6 35. Ke4 f5+ 36. exf6 1/2-1/2

[Event "Landesliga West MV 2013/14"]
[Site "?"]
[Date "2013.11.11"]
[Round "2.7"]
[White "Gottschalk, Maik"]
[Black "Hopp, Peter"]
[Result "1/2-1/2"]
[WhiteElo "1646"]
[BlackElo "1637"]
[PlyCount "29"]
[EventType "team-tourn"]
[EventRounds "9"]
[WhiteTeam "Putlitzer SV 1921"]
[BlackTeam "SC Mecklenburger Springer"]

1. c4 Nf6 2. Nc3 e6 3. g3 d5 4. cxd5 exd5 5. Bg2 c6 6. d4 Bf5 7. Nf3 Ne4 8.
Nxe4 Bxe4 9. O-O Bd6 10. Qb3 Qb6 11. Qxb6 axb6 12. Nh4 Bxg2 13. Kxg2 O-O 14.
Nf5 Bc7 15. Bd2 1/2-1/2

[Event "Landesliga West MV 2013/14"]
[Site "?"]
[Date "2013.11.11"]
[Round "2.8"]
[White "Goldbach, Aaron"]
[Black "Feige, Detlef"]
[Result "1/2-1/2"]
[WhiteElo "1594"]
[BlackElo "1582"]
[PlyCount "90"]
[EventType "team-tourn"]
[EventRounds "9"]
[WhiteTeam "SC Mecklenburger Springer"]
[BlackTeam "Putlitzer SV 1921"]

1. d4 Nf6 2. Nf3 d5 3. Bf4 Nc6 4. c4 dxc4 5. e3 Bg4 6. Bxc4 e6 7. h3 Bh5 8. O-O
a6 9. Nc3 Be7 10. Qb3 Bxf3 11. gxf3 Na5 12. Qa4+ c6 13. Bd3 b5 14. Qc2 h6 15.
a3 Rc8 16. b4 Nb7 17. Rac1 Bd6 18. Bxd6 Qxd6 19. Ne4 Nxe4 20. Bxe4 Nd8 21. Qc5
Qxc5 22. Rxc5 Kd7 23. f4 Nb7 24. Rc3 Rc7 25. Rfc1 Rhc8 26. f5 Nd6 27. fxe6+
fxe6 28. Bf3 g6 29. Kf1 Nc4 30. Be2 Nd6 31. Kg2 Nf7 32. Kg3 Kd6 33. f4 Kd7 34.
Bd3 g5 35. f5 e5 36. dxe5 Nxe5 37. e4 Ke7 38. Be2 Rd8 39. Kf2 Rd6 40. Ke3 Kf6
41. R3c2 Ke7 42. Rd2 Rcd7 43. Rcd1 Rxd2 44. Rxd2 Rxd2 45. Kxd2 Kd6 1/2-1/2

[Event "Landesliga West MV 2013/14"]
[Site "?"]
[Date "2013.11.24"]
[Round "3.1"]
[White "Junggebauer, Thomas"]
[Black "Rabinowitsch, Juri"]
[Result "1/2-1/2"]
[WhiteElo "1814"]
[BlackElo "1844"]
[PlyCount "95"]
[EventType "team-tourn"]
[EventRounds "9"]
[WhiteTeam "ASV GW Wismar II"]
[BlackTeam "SF Schwerin IV"]

1. e4 c5 2. Nf3 d6 3. d4 cxd4 4. Nxd4 Nf6 5. Nc3 a6 6. Be2 Nbd7 7. O-O e6 8.
Bg5 Be7 9. Kh1 h6 10. Be3 Qc7 11. f4 O-O 12. f5 e5 13. Nb3 b5 14. Bf3 Nb6 15.
Qe1 b4 16. Nd1 Nc4 17. Bc1 a5 18. Qg3 Kh7 19. Qh3 a4 20. Nd2 Nxd2 21. Bxd2 Qxc2
22. Bxb4 Qc4 23. Nc3 Qxb4 24. g4 Bb7 25. g5 Nxe4 26. Nxe4 Bxe4 27. f6 Bxf6 28.
gxf6 g6 29. Rad1 Rad8 30. Rf2 d5 31. Rfd2 Bxf3+ 32. Qxf3 e4 33. Qf2 Rfe8 34.
Qa7 (34. Rxd5 Rxd5 35. Rxd5 e3 36. Qe2 Qe4+) 34... Kg8 35. Rg2 g5 36. Qe3 Re5
37. h4 d4 38. Qh3 Qf8 39. Rdg1 Rdd5 40. hxg5 Rxg5 41. Qh4 e3 42. Rxg5+ Rxg5 43.
Rxg5+ hxg5 44. Qxg5+ Kh7 45. Qf5+ Kh6 46. Qf4+ Kg6 47. Qg4+ Kxf6 48. Qxd4+
1/2-1/2

[Event "Landesliga West MV 2013/14"]
[Site "?"]
[Date "2013.11.24"]
[Round "3.2"]
[White "Jung, Werner"]
[Black "Piske, Thomas"]
[Result "1/2-1/2"]
[WhiteElo "1868"]
[BlackElo "1791"]
[PlyCount "48"]
[EventType "team-tourn"]
[EventRounds "9"]
[WhiteTeam "SF Schwerin IV"]
[BlackTeam "ASV GW Wismar II"]

1. e4 d6 2. d4 Nf6 3. Nc3 g6 4. f3 Bg7 5. Be3 O-O 6. Qd2 c6 7. O-O-O b5 8. h4
h5 9. Nh3 b4 10. Na4 a5 11. Bh6 Nbd7 12. Bxg7 Kxg7 13. Be2 Nb6 14. Nxb6 Qxb6
15. Ng5 c5 16. e5 dxe5 17. dxe5 Nh7 18. Bc4 Nxg5 19. Qxg5 Be6 20. Bxe6 Qxe6 21.
Kb1 Rad8 22. g4 hxg4 23. fxg4 Rd5 24. Rde1 Rd4 1/2-1/2

[Event "Landesliga West MV 2013/14"]
[Site "?"]
[Date "2013.11.24"]
[Round "3.4"]
[White "Wagner, Prof. Bernd"]
[Black "Krueger, Gerhard"]
[Result "1/2-1/2"]
[WhiteElo "1750"]
[BlackElo "1866"]
[PlyCount "86"]
[EventType "team-tourn"]
[EventRounds "9"]
[WhiteTeam "ASV GW Wismar II"]
[BlackTeam "SF Schwerin IV"]

1. d4 f5 2. c4 Nf6 3. Nc3 g6 4. Bf4 Bg7 5. Qd2 O-O 6. Bh6 d6 7. Bxg7 Kxg7 8. e3
c6 9. Bd3 e5 10. Nge2 Be6 11. O-O e4 12. Nf4 Bf7 13. Be2 Nbd7 14. f3 exf3 15.
gxf3 Qe7 16. Rae1 Rfe8 17. Bd3 c5 18. d5 Ne5 19. Rf2 g5 20. Ng2 Bh5 21. Be2
Nfd7 22. f4 Ng4 23. Bxg4 fxg4 24. Ne2 h6 25. Ng3 Bg6 26. Qe2 Nf6 27. fxg5 hxg5
28. Nf5+ Bxf5 29. Rxf5 Kg6 30. Ref1 Rf8 31. Qd3 Kh6 32. Qc3 Nd7 33. Rxf8 Rxf8
34. Rxf8 Qxf8 35. e4 Ne5 36. Qg3 Qf6 37. Ne3 Kh5 38. h3 gxh3 39. Qxh3+ Kg6 40.
Kg2 Nd3 41. Qf5+ Qxf5 42. Nxf5 Nxb2 43. Nxd6 Kf6 1/2-1/2

[Event "Landesliga West MV 2013/14"]
[Site "?"]
[Date "2013.11.24"]
[Round "3.4"]
[White "Pamperin, Gerhard"]
[Black "Schubert, Erik"]
[Result "1-0"]
[WhiteElo "1813"]
[BlackElo "1683"]
[PlyCount "83"]
[EventType "team-tourn"]
[EventRounds "9"]
[WhiteTeam "SF Schwerin IV"]
[BlackTeam "ASV GW Wismar II"]

1. d4 d5 2. Nf3 Bf5 3. c4 e6 4. Nc3 Nf6 5. Bg5 c6 6. e3 Nbd7 7. Ne5 Be7 8. Nxd7
Qxd7 9. cxd5 exd5 10. Bd3 Bg6 11. O-O O-O 12. Rc1 Bxd3 13. Qxd3 Qg4 14. Bf4 Nh5
15. Be5 f6 16. h3 Qe6 17. Bh2 f5 18. Be5 f4 19. exf4 Nxf4 20. Qg3 Qh6 21. Rce1
Bh4 22. Qg4 Nd3 23. Re2 Nxf2 24. Rexf2 Bxf2+ 25. Rxf2 Rxf2 26. Kxf2 Rf8+ 27.
Kg3 g6 28. Kh2 Qd2 29. Qe6+ Rf7 30. Qc8+ Rf8 31. Qxb7 Rf7 32. Qb8+ Rf8 33. Qxa7
Qh6 34. Qd7 g5 35. a4 Qg6 36. a5 h5 37. a6 g4 38. a7 gxh3 39. Qxh3 Qf7 40. Bb8
Qb7 41. Na4 Rxb8 42. Qg3+ 1-0

[Event "Landesliga West MV 2013/14"]
[Site "?"]
[Date "2013.11.24"]
[Round "3.5"]
[White "Quang, Luu Vinh"]
[Black "Goettsching, Holger"]
[Result "1-0"]
[WhiteElo "1430"]
[BlackElo "1727"]
[PlyCount "75"]
[EventType "team-tourn"]
[EventRounds "9"]
[WhiteTeam "ASV GW Wismar II"]
[BlackTeam "SF Schwerin IV"]

1. e4 c5 2. Nf3 Nc6 3. d4 cxd4 4. Nxd4 d6 5. Nc3 Nf6 6. Be2 e6 7. Be3 Be7 8. f3
a6 9. Qd2 O-O 10. O-O-O Nxd4 11. Bxd4 b5 12. Bxf6 gxf6 13. h4 b4 14. Nb1 a5 15.
g4 Kh8 16. Bd3 Ba6 17. Bxa6 Rxa6 18. Qh2 Rc6 19. f4 a4 20. Qd2 Qa5 21. Rdg1 Rc5
22. h5 Rcc8 23. g5 Rc5 24. g6 Rfc8 25. c3 bxc3 26. Nxc3 Rxh5 27. f5 fxg6 28.
Rxh5 gxh5 29. Qg2 Rxc3+ 30. bxc3 Qxc3+ 31. Kd1 Qa1+ 32. Kc2 Qxa2+ 33. Kc3 Qxg2
34. Rxg2 exf5 35. exf5 a3 36. Kd4 d5 37. Kxd5 Bf8 38. Ke6 1-0

[Event "Landesliga West MV 2013/14"]
[Site "?"]
[Date "2013.11.24"]
[Round "3.6"]
[White "Lindner, Thomas"]
[Black "Raeszler, Arndt"]
[Result "1/2-1/2"]
[WhiteElo "1644"]
[BlackElo "1692"]
[PlyCount "32"]
[EventType "team-tourn"]
[EventRounds "9"]
[WhiteTeam "SF Schwerin IV"]
[BlackTeam "ASV GW Wismar II"]

1. d4 d5 2. c4 c6 3. Nc3 Nf6 4. Bg5 e6 5. e3 Nbd7 6. Nf3 Be7 7. Bd3 dxc4 8.
Bxc4 b5 9. Bb3 Bb7 10. O-O O-O 11. Rc1 a6 12. a3 c5 13. dxc5 Nxc5 14. Bc2 Qxd1
15. Rfxd1 h6 16. Bh4 g5 1/2-1/2

[Event "Landesliga West MV 2013/14"]
[Site "?"]
[Date "2013.11.24"]
[Round "3.7"]
[White "Schmidtke, Wilfried"]
[Black "Weinstein, Arkadi"]
[Result "1/2-1/2"]
[WhiteElo "1609"]
[BlackElo "1693"]
[PlyCount "73"]
[EventType "team-tourn"]
[EventRounds "9"]
[WhiteTeam "ASV GW Wismar II"]
[BlackTeam "SF Schwerin IV"]

1. d4 Nf6 2. c4 g6 3. Nc3 Bg7 4. Nf3 d6 5. e3 Nbd7 6. Qc2 c5 7. d5 O-O 8. Be2
a6 9. b3 b5 10. Bb2 b4 11. Nd1 a5 12. a3 Bb7 13. axb4 axb4 14. Rxa8 Qxa8 15.
O-O Qb8 16. e4 Qc7 17. Nh4 e5 18. Bc1 Qd8 19. g3 Ne8 20. f4 f6 21. f5 g5 22.
Ng2 Bh8 23. h4 h6 24. Bh5 Ng7 25. Bg6 Qe7 26. h5 Ra8 27. Nde3 Ne8 28. Bb2 Nc7
29. Ra1 Qd8 30. Rxa8 Qxa8 31. Qb1 Bg7 32. Qa1 Bf8 33. Qxa8 Bxa8 34. Ne1 Be7 35.
Nd3 Bb7 36. g4 Bc8 37. Kf2 1/2-1/2

[Event "Landesliga West MV 2013/14"]
[Site "?"]
[Date "2013.11.24"]
[Round "3.8"]
[White "Schumacher, Ole"]
[Black "Soltmann, Jan"]
[Result "0-1"]
[WhiteElo "1266"]
[BlackElo "1351"]
[PlyCount "88"]
[EventType "team-tourn"]
[EventRounds "9"]
[WhiteTeam "SF Schwerin IV"]
[BlackTeam "ASV GW Wismar II"]

1. e4 c6 2. d4 d5 3. exd5 cxd5 4. Bf4 Bf5 5. Bd3 Bxd3 6. Qxd3 Nc6 7. Qb3 (7. c3
) 7... Nxd4 8. Qxb7 Qc8 9. Qxc8+ Rxc8 10. Na3 Nxc2+ 11. Nxc2 Rxc2 12. Be3 a6
13. b4 e6 14. Kd1 Rc4 15. a3 Bd6 16. Nf3 Ne7 17. Rc1 Rxc1+ 18. Kxc1 O-O 19. Kb2
Rb8 20. Kc3 e5 21. Bc5 Rc8 22. Kb3 Bxc5 23. bxc5 e4 24. Ng5 Rxc5 25. Rd1 g6 26.
Nh3 a5 27. Nf4 Kg7 28. Rd2 Kf6 29. Rc2 Rxc2 30. Kxc2 Ke5 31. Ne2 d4 32. Kb3 Kd5
33. Nf4+ Kc5 34. a4 Nd5 35. Ne2 f5 36. g3 Nb4 37. Nf4 d3 38. Kc3 Nd5+ 39. Nxd5
Kxd5 40. f3 h6 41. f4 g5 42. fxg5 hxg5 43. h4 gxh4 44. gxh4 Ke6 0-1

[Event "Landesliga West MV 2013/14"]
[Site "?"]
[Date "2013.11.24"]
[Round "3.1"]
[White "Littke, Helmut"]
[Black "Mueller, Axel"]
[Result "1/2-1/2"]
[WhiteElo "2019"]
[BlackElo "1936"]
[PlyCount "53"]
[EventType "team-tourn"]
[EventRounds "9"]
[WhiteTeam "ASV GW Wismar"]
[BlackTeam "Putlitzer SV 1921"]

1. c4 e5 2. Nc3 Nf6 3. g3 Nc6 4. Bg2 Be7 5. e3 O-O 6. Nge2 d6 7. d4 exd4 8.
exd4 Bf5 9. a3 a5 10. O-O Qc8 11. Nf4 Bg4 12. Qd3 Bf5 13. Qd1 Bg4 14. f3 Bd7
15. Ncd5 Bd8 16. Re1 a4 17. Be3 Na5 18. Rc1 Nb3 19. Rc2 c6 20. Nc3 Re8 21. Rce2
b5 22. cxb5 cxb5 23. Bf2 Qb7 24. Rxe8+ Bxe8 25. Nfd5 Bc6 26. Nb4 Ba5 27. Nxc6
1/2-1/2

[Event "Landesliga West MV 2013/14"]
[Site "?"]
[Date "2013.11.24"]
[Round "3.2"]
[White "Prenzlow, Michael"]
[Black "Kliewe, Hans-Juergen"]
[Result "1/2-1/2"]
[WhiteElo "1788"]
[BlackElo "1947"]
[PlyCount "59"]
[EventType "team-tourn"]
[EventRounds "9"]
[WhiteTeam "Putlitzer SV 1921"]
[BlackTeam "ASV GW Wismar"]

1. d4 d5 2. Nf3 Nf6 3. c4 c6 4. e3 Bf5 5. cxd5 cxd5 6. Nc3 e6 7. Ne5 a6 8. g4
Be4 9. f3 Bg6 10. h4 h6 11. Nxg6 fxg6 12. Bd3 Qc7 13. Bxg6+ Kd7 14. f4 Nc6 15.
Bd2 Bd6 16. Rc1 b5 17. Qf3 Qb7 18. f5 Ne7 19. fxe6+ Kxe6 20. Bf5+ Nxf5 21.
Qxf5+ Ke7 22. O-O Qd7 23. Qxd7+ Kxd7 24. g5 hxg5 25. hxg5 Ne4 26. Nxe4 dxe4 27.
Rf7+ Ke6 28. Rxg7 Rh4 29. Rg6+ Kd5 30. Rf1 1/2-1/2

[Event "Landesliga West MV 2013/14"]
[Site "?"]
[Date "2013.11.24"]
[Round "3.3"]
[White "Stutz, Dr. Reno"]
[Black "Blume, Christian"]
[Result "1-0"]
[WhiteElo "1919"]
[BlackElo "1832"]
[PlyCount "73"]
[EventType "team-tourn"]
[EventRounds "9"]
[WhiteTeam "ASV GW Wismar"]
[BlackTeam "Putlitzer SV 1921"]

1. e4 c5 2. c3 e6 3. d4 cxd4 4. cxd4 d6 5. Nf3 Nf6 6. Nc3 Be7 7. Bd3 O-O 8. O-O
Nc6 9. a3 a6 10. Qe2 b5 11. e5 Nd7 12. Qe4 g6 13. Qxc6 Rb8 14. Qe4 dxe5 15.
Nxe5 Bb7 16. Qe2 Nf6 17. Be3 Rc8 18. Rac1 Qd6 19. b4 Rfd8 20. Rc2 Qb8 21. Rfc1
Kg7 22. f3 Qa8 23. Ne4 Nxe4 24. Bxe4 Bxe4 25. fxe4 Rxc2 26. Rxc2 Bf6 27. Nf3
Qb7 28. e5 Be7 29. Nd2 a5 30. Qf3 Rd5 31. Ne4 axb4 32. axb4 Bxb4 33. Qf6+ Kg8
34. Bh6 Bf8 35. Bxf8 Kxf8 36. Nd6 Rxd6 37. exd6 1-0

[Event "Landesliga West MV 2013/14"]
[Site "?"]
[Date "2013.11.24"]
[Round "3.4"]
[White "Vieten, Florian"]
[Black "Bahr, Enrico"]
[Result "1/2-1/2"]
[WhiteElo "1687"]
[BlackElo "1859"]
[PlyCount "48"]
[EventType "team-tourn"]
[EventRounds "9"]
[WhiteTeam "Putlitzer SV 1921"]
[BlackTeam "ASV GW Wismar"]

1. e4 d5 2. exd5 Qxd5 3. Nc3 Qa5 4. Nf3 Nf6 5. d4 c6 6. Bc4 Bf5 7. Bd2 e6 8.
O-O Be7 9. Nd5 Qd8 10. Nxe7 Qxe7 11. a3 Qc7 12. h3 Nbd7 13. Re1 O-O 14. Ne5 c5
15. Bf4 Rfd8 16. Ng6 Qb6 17. Ne7+ Kf8 18. Nxf5 exf5 19. dxc5 Nxc5 20. Qe2 Re8
21. Qd2 Nce4 22. Qb4+ Qxb4 23. axb4 a6 24. f3 g5 1/2-1/2